Biggest sources of immigrants to Wyoming - Statistics

General Stats
  • This quiz has been taken 17 times
  • The average score is 8 of 10
Answer Stats
Hint Answer % Correct
1,285 China
93%
829 India
93%
84,033 Mexico
93%
425 United Kingdom
93%
482 Canada
87%
611 Germany
73%
403 Philippines
73%
392 Colombia
60%
545 El Salvador
60%
233 Russia
60%
No matching quizzes found
Score Distribution
Percent of People with Each Score
Percentile by Number Answered
Your Score History
You have not taken this quiz